| 000 | 01510nam0a2200397 4500 | ||
|---|---|---|---|
| 001 | RU\NLR\BIBL_A\012227525 | ||
| 005 | 20200303164759.0 | ||
| 010 |
_a978-5-9905466-7-7 _9500 |
||
| 021 |
_aRU _bКН-П-19-104256 _9КН-П-19-7686 |
||
| 035 | _a(NLR Aleph) 012227525 | ||
| 035 | _a(RuMoRGB)010221827 | ||
| 090 |
_a10966989 _c10966989 |
||
| 100 | _a20200221d2019 k y0rusy50 ca | ||
| 101 | 0 |
_arus _deng |
|
| 102 | _aRU | ||
| 105 | _ac|||zzzz000zy | ||
| 181 | 0 |
_ai _baxxe |
|
| 182 | 0 | _an | |
| 200 | 1 |
_aФеноменологический подход в методологии социального познания _eмонография _fА. С. Антипина |
|
| 203 |
_aТекст _bвизуальный _cнепосредственный |
||
| 210 |
_a[Москва] _cСтудия "Другое небо" _d2019 |
||
| 215 |
_a122 с. _cпортр. _d21 |
||
| 300 | _aНа 122-й с. авт.: А. С. Антипина, к.филос.н., доц., преподаватель | ||
| 300 | _aРез. англ. | ||
| 320 | _aБиблиогр.: с. 99-112, 119-120 | ||
| 606 | 1 |
_aСоциальное познание _xМетодология _2nlr_sh2 _3RU\NLR\AUTH\661491102 |
|
| 686 | 1 | _aС550.560в6 | |
| 686 | 1 | _aЮ251.402в6 | |
| 686 | 1 | _aС581в6 | |
| 686 | 1 | _aЮ6в6 | |
| 700 | 1 |
_aАнтипина _bА. С. _gАнна Сергеевна |
|
| 942 | _cBOOK | ||
| 980 | _aNBR | ||
| 980 | _aNB | ||